| 000 | 00490nam a22001577a 4500 | ||
|---|---|---|---|
| 003 | OSt | ||
| 005 | 20260430083242.0 | ||
| 008 | 260430b |||||||| |||| 00| 0 eng d | ||
| 020 | _a 971-584-352-2 | ||
| 040 |
_aDWC-Main lib _cOC |
||
| 082 | _aFil. 160 B118l 2003 | ||
| 100 | _aBabor, Eddie R. | ||
| 245 |
_aLogic: _bThe Philosophical Discipline of Correct Thinking/ _cEddie R. Babor |
||
| 260 |
_aQuezon City, Avenue _bC&E Publishing, Inc. _cc2003. |
||
| 942 |
_2ddc _cBK - FIL _kFil. _n0 |
||
| 999 |
_c10152 _d10152 |
||